000 01859nam a2200517 c 4500
001 3461
003 ES-MaCES
005 20150929131826.0
008 951004s1995 sp ||| | spa d
017 _aB 30516-1995
_bDL
020 _a8480880880
035 _aCES19980034861m
040 _aES-MaCES
_bspa
_cES-MaCES
100 1 _aHutchinson, Sue
_915075
245 1 0 _aFlexibilidad en el trabajo
_b: estrategias y prácticas en Europa : cómo organizar el trabajo de forma flexible
_cSue Hutchinson y Chris Brewster ; informe preparado para la Asociación Europea de Dirección del Personal ; [traducción, Florentino Heras]
250 _a1ª ed
260 _aMadrid
_bAEDIPE ; Barcelona : Gestión 2000
_c1995
300 _a312 p.
_c22 cm
504 _aBibliografía: p. 309-312
541 _cCompra
650 4 _aflexibilidad del trabajo
_930174
650 4 _aadministración del trabajo
_927213
650 4 _aordenamiento del tiempo de trabajo
_929205
650 4 _ahoras de trabajo
_928335
650 4 _atrabajo compartido
_929221
650 4 _aempleo a tiempo parcial
_926772
650 4 _atrabajo por turnos
_928332
650 4 _ahoras extraordinarias
_928337
650 4 _ateletrabajo
_929568
650 4 _amercado de trabajo
_928292
650 4 _atrabajador
_928414
650 4 _acontrato de trabajo
_928316
650 4 _aEuropa
_926940
650 4 _aestudio de casos
_928846
653 1 0 _aEmpleo
650 4 _929152
_ajubilación anticipada
650 4 _928178
_aempresa
650 4 _928187
_aempleador
700 1 _aBrewster, Chris
_98304
700 1 _aHeras, Florentino
_etr.
_914620
710 2 _aAsociación Europea de Dirección de Personal
_91469
710 2 _aAsociación Española de Dirección de Personal
_91449
902 _aLIB Libro
942 _2CES
_cBK
_h2.1.
999 _c3461
_d3461